| 000 | 00522nam a22001932 4500 | ||
|---|---|---|---|
| 001 | 0000009742 | ||
| 005 | 20151217155843.0 | ||
| 008 | 081125s xx 000 0 eng d | ||
| 040 |
_aKABU _cKABU |
||
| 100 | 1 |
_aDriberg, J. H. _@0000161509 |
|
| 245 | 1 | 0 |
_aEngato : _bthe lion cub / _cJ. H. Driberg. |
| 250 | _a1st ed. | ||
| 260 |
_aLondon : _bRoutledge, _c1933. |
||
| 300 | _a151 p. | ||
| 650 | 0 |
_aLions. _@0000161510 |
|
| 852 | 1 | _9p200 KES | |
| 908 | _a081125 | ||
| 950 | _@1 | ||
| 999 |
_c13260 _d13260 |
||